000 01872nam a22003975i 4500
001 162308
003 ES-MaACL
005 20251013215432.0
008 040908s1801 fr af |||| | fre d
040 _aCAM
_bspa
_cCAM
100 0 _aPlutarco
_992678
245 1 4 _aLes vies des hommes illustres /
_cde Plutarque ; traduites du grec par Amyot ; avec des notes et des observations par Brotier et Vauvilliers ; tome premier.
250 _aNouvelle éd.
_brevue, corrigée et augmentée par E. Clavier.
260 _aA Paris :
_bde l'imprimerie de Cussac,
_cAn IX [1801]
300 _aLVI, 420 p., [2] h. de grab. :
_bil. ;
_c20 cm.
505 8 _aContiene : Theseus, Romulus, Lycurgus, Numa Pompilius, Solon, Publicola
594 _aTít. en antep.: "Oeuvres de Plutarque"
595 _aDato de ed. precede a mención de parte.
596 _aMarca tip. en port.
597 _aSign.: a-c8, d4, A-Z8, 2A-2C8, 2D2.
599 _aFront. calc. alegórico : "Le Barbier del., C.S. Gaucher incid 1783"
599 _aLa h. de grab. calc.: "J.M. Moreau le jeune del., 1783, L.M. Halbou sculp.", Licurgo hace reconocer a su sobrino Rey de Lacedemonia.
599 _aLas il. xil., medallas con los retratos de los biografiados.
600 0 4 _aRómulo,
_cRey de Roma
_9149930
600 0 4 _aLicurgo
_972207
600 0 7 _aNuma Pompilio,
_cRey de Roma
_2embne-TB
_9149931
600 1 7 _aSolón de Atenas,
_dca. 638-558 a.C.
_2embne
_9132811
600 0 4 _aAgrícola.
_9125553
650 0 7 _aTeseo (Personaje mitológico)
_2embne
_9223637
700 1 _aAmyot, Jacques.
_9125662
700 1 _aVauvilliers, Jean François.
_9133574
700 1 _aBrotier, Gabriel,
_d1723-1789
_9149971
700 1 _aClavier, Etienne,
_d1762-1817
_9149972
852 _aES-MaACL
_jG-9429
_z-- Enc. pasta española
_z-- Ex-libris ms. del Licenciado Valdés
999 _c162308
_d162308